00629 2200241 4500001002100000005001500021035002000036007000300056008004100059020000600100082001200106084001800118100002700136245003000163250001800193260003700211300002900248650001000277650001500287700002700302856003400329990002400363INLIS00000000000802020260218023116 a0010-0226000073ta260218 0 ind  a- a54(076) a54(076) SCH t0 aSCHERMERHORN, E. J. G.1 aTeori Dan Soal-Soal Kimia aTjetakan ke 5 aDjakarta :bJ. B. Wolters,c1958 a236p. :bIlus ;c20.5 cm 4aTeori 4aSoal Kimia0 aB. J. Peperzak O. F. M aPerpustakaan BBRMP Jawa Timur a153/2026/BBRMPJATIM